The tragic finale (Record no. 47251)
[ view plain ]
| 000 -LEADER | |
|---|---|
| fixed length control field | 00527nam a2200205Ia 4500 |
| 003 - CONTROL NUMBER IDENTIFIER | |
| control field | 0100 |
| 005 - DATE AND TIME OF LATEST TRANSACTION | |
| control field | 20160804084923.0 |
| 008 - FIXED-LENGTH DATA ELEMENTS--GENERAL INFORMATION | |
| fixed length control field | 130303s9999 xx 000 0 und d |
| 040 ## - CATALOGING SOURCE | |
| Transcribing agency | ARRUPELIB |
| 050 ## - LIBRARY OF CONGRESS CALL NUMBER | |
| Classification number | B2430.S34 D45 1960 |
| 300 ## - PHYSICAL DESCRIPTION | |
| Other physical details | 228p. 19cm. |
| 100 ## - MAIN ENTRY--PERSONAL NAME | |
| Personal name | Desan, Wilfrid |
| 9 (RLIN) | 24588 |
| 245 #4 - TITLE STATEMENT | |
| Title | The tragic finale |
| 245 ## - TITLE STATEMENT | |
| Remainder of title | an essay on the philosophy of Jean-Paul Sartre |
| 250 ## - EDITION STATEMENT | |
| Edition statement | revised edition |
| 260 ## - PUBLICATION, DISTRIBUTION, ETC. (IMPRINT) | |
| Place of publication, distribution, etc | New York |
| 260 ## - PUBLICATION, DISTRIBUTION, ETC. (IMPRINT) | |
| Name of publisher, distributor, etc | Harper Torchbooks |
| 300 ## - PHYSICAL DESCRIPTION | |
| Extent | xxv |
| 942 00 - ADDED ENTRY ELEMENTS (KOHA) | |
| Koha issues (borrowed), all copies | 1 |
| Source of classification or shelving scheme | Library of Congress Classification |
| Koha item type | Monograph ( Printed materials) |
| Withdrawn status | Lost status | Source of classification or shelving scheme | Damaged status | Not for loan | Collection code | Home library | Current library | Date acquired | Total Checkouts | Full call number | Barcode | Date last seen | Date checked out | Copy number | Price effective from | Koha item type |
|---|---|---|---|---|---|---|---|---|---|---|---|---|---|---|---|---|
| Library of Congress Classification | Main Collection | ARRUPE LIBRARY | ARRUPE LIBRARY | 04/03/2013 | 8 | B2430.S34 D45 1960 | 46003011544 | 08/05/2024 | 16/04/2024 | 1 | 04/03/2013 | Monograph ( Printed materials) | ||||
| Library of Congress Classification | Main Collection | ARRUPE LIBRARY | ARRUPE LIBRARY | 04/03/2013 | 5 | B2430.S34 D45 1960 | 46003011733 | 07/05/2024 | 12/04/2024 | 2 | 04/03/2013 | Monograph ( Printed materials) |